Arte de los pueblos de México (Record no. 10868)
[ view plain ]
| 000 -CABECERA | |
|---|---|
| campo de control de longitud fija | 01201nam a22003257a 4500 |
| 001 - NÚMERO DE CONTROL | |
| campo de control | BRCA_9249 |
| 003 - IDENTIFICADOR DEL NÚMERO DE CONTROL | |
| campo de control | FranzMayer |
| 005 - FECHA Y HORA DE LA ÚLTIMA TRANSACCIÓN | |
| campo de control | 20230717135551.0 |
| 008 - DATOS DE LONGITUD FIJA--INFORMACIÓN GENERAL | |
| campo de control de longitud fija | 230712b |||||||| |||| 00| 0 eng d |
| 020 ## - NÚMERO INTERNACIONAL ESTÁNDAR DEL LIBRO | |
| Número Internacional Estándar del Libro | 9786076057315 |
| 040 ## - FUENTE DE LA CATALOGACIÓN | |
| Centro catalogador/agencia de origen | MFM |
| Lengua de catalogación | spa |
| Centro/agencia transcriptor | MFM |
| 041 ## - CÓDIGO DE LENGUA | |
| Código de lengua del texto/banda sonora o título independiente | spa |
| 050 #0 - SIGNATURA TOPOGRÁFICA DE LA BIBLIOTECA DEL CONGRESO | |
| Número de clasificación | NX1.N44 |
| Número de documento/Ítem | S43 2022 |
| 110 1# - ENTRADA PRINCIPAL--NOMBRE DE ENTIDAD CORPORATIVA | |
| Nombre de entidad corporativa o nombre de jurisdicción como elemento de entrada | Secretaria de cultura |
| Unidad subordinada | INBAL |
| 9 (RLIN) | 28655 |
| 240 1# - TÍTULO UNIFORME | |
| Título uniforme | Arte de los pueblos de México |
| Medio | Disrupciones indígenas |
| Lenguaje de la obra | esp |
| 245 0# - MENCIÓN DE TÍTULO | |
| Título | Arte de los pueblos de México |
| Resto del título | Disrupciones indígenas |
| 260 ## - PUBLICACIÓN, DISTRIBUCIÓN, ETC. | |
| Lugar de publicación, distribución, etc. | CDMX, México |
| Nombre del editor, distribuidor, etc. | Secretaria de Cultura |
| Fecha de publicación, distribución, etc. | 2022 |
| 300 ## - DESCRIPCIÓN FÍSICA | |
| Extensión | 573 p |
| Otras características físicas | ilustraciones |
| Dimensiones | 30 cm |
| 500 ## - NOTA GENERAL | |
| Nota general | L60/N4 |
| 505 0# - NOTA DE CONTENIDO CON FORMATO | |
| Nota de contenido con formato | Texto en: españolDestinado a: Diseñadores, sociólogos, historiadores, artistas Incluye índice (temático) |
| 610 1# - PUNTO DE ACCESO ADICIONAL DE MATERIA--NOMBRE DE ENTIDAD CORPORATIVA | |
| Nombre de entidad corporativa o nombre de jurisdicción como elemento de entrada | Secretaria de Cultura |
| Unidad subordinada | INBAL |
| 9 (RLIN) | 28656 |
| 650 2# - PUNTO DE ACCESO ADICIONAL DE MATERIA--TÉRMINO DE MATERIA | |
| Fuente del encabezamiento o término | Arte en general |
| Término de materia o nombre geográfico como elemento de entrada | México |
| Subdivisión de forma | Pueblos indígenas |
| 9 (RLIN) | 28832 |
| 651 2# - PUNTO DE ACCESO ADICIONAL DE MATERIA--NOMBRE GEOGRÁFICO | |
| Fuente del encabezamiento o término | México |
| Nombre geográfico | CDMX |
| 9 (RLIN) | 28833 |
| 700 1# - PUNTO DE ACCESO ADICIONAL--NOMBRE DE PERSONA | |
| Código de función/relación | Coord. |
| Nombre de persona | Fernández Félix, Miguel |
| 9 (RLIN) | 28657 |
| 700 1# - PUNTO DE ACCESO ADICIONAL--NOMBRE DE PERSONA | |
| Código de función/relación | Inv. |
| Nombre de persona | Azcona Muñoz, Tabaré |
| 9 (RLIN) | 28658 |
| 700 1# - PUNTO DE ACCESO ADICIONAL--NOMBRE DE PERSONA | |
| Código de función/relación | Inv. |
| Nombre de persona | Casanova Zamudio, Mariana |
| 9 (RLIN) | 28659 |
| 700 1# - PUNTO DE ACCESO ADICIONAL--NOMBRE DE PERSONA | |
| Código de función/relación | Cor. |
| Nombre de persona | Medina Portillo, David |
| 9 (RLIN) | 28660 |
| 710 1# - PUNTO DE ACCESO ADICIONAL--NOMBRE DE ENTIDAD CORPORATIVA | |
| Nombre de entidad corporativa o nombre de jurisdicción como elemento de entrada | Secretaria de cultura |
| Unidad subordinada | INBAL |
| 9 (RLIN) | 28655 |
| 942 ## - ELEMENTOS DE PUNTO DE ACCESO ADICIONAL (KOHA) | |
| Fuente del sistema de clasificación o colocación | Library of Congress Classification |
| Tipo de ítem Koha | Libros |
| Estado de retiro | Estado de pérdida | Fuente del sistema de clasificación o colocación | Estado dañado | No para préstamo | Código de colección | Localización permanente | Ubicación/localización actual | Fecha de adquisición | Fuente de adquisición | Total de préstamos | Signatura topográfica completa | Código de barras | Fecha visto por última vez | Número de copia | Precio válido a partir de | Tipo de ítem Koha |
|---|---|---|---|---|---|---|---|---|---|---|---|---|---|---|---|---|
| El ejemplar forma parte de la colección y puede ser consultado según las políticas vigentes. | Library of Congress Classification | Fondo Contemporáneo | Biblioteca del Museo Franz Mayer (Rogerio Casas-Alatriste) | Biblioteca del Museo Franz Mayer (Rogerio Casas-Alatriste) | 12/07/2023 | Donación | NX1.N44 S43 2022 | CONT10044 | 12/07/2023 | 1 | 12/07/2023 | Libros | ||||
| El ejemplar forma parte de la colección y puede ser consultado según las políticas vigentes. | Library of Congress Classification | Fondo Contemporáneo | Biblioteca del Museo Franz Mayer (Rogerio Casas-Alatriste) | Biblioteca del Museo Franz Mayer (Rogerio Casas-Alatriste) | 12/07/2023 | Donación | NX1.N44 S43 2022 | CONT10045 | 12/07/2023 | 2 | 12/07/2023 | Libros |